Mechanical metallurgy (Record no. 25704)

000 -LEADER
fixed length control field 00503nam a22001937a 4500
001 - CONTROL NUMBER
control field 25704
003 - CONTROL NUMBER IDENTIFIER
control field BD-DhUET
008 - FIXED-LENGTH DATA ELEMENTS--GENERAL INFORMATION
fixed length control field 150516b xxu||||| |||| 00| 0 eng d
040 ## - CATALOGING SOURCE
Transcribing agency 0
Modifying agency BD-DhUET
082 ## - DEWEY DECIMAL CLASSIFICATION NUMBER
Classification number 669.94
Item number DIE/1961
100 ## - MAIN ENTRY--PERSONAL NAME
Personal name Dieter, E. George
245 ## - TITLE STATEMENT
Title Mechanical metallurgy
250 ## - EDITION STATEMENT
Edition statement 1st ed.
260 ## - PUBLICATION, DISTRIBUTION, ETC. (IMPRINT)
Place of publication, distribution, etc. London
Name of publisher, distributor, etc. McGraw-Hill
Date of publication, distribution, etc. 1961
300 ## - PHYSICAL DESCRIPTION
Extent xix, 615p.
Other physical details ill
490 ## - SERIES STATEMENT
Series statement Metallurgy and metallurgical engineering series
650 #0 - SUBJECT ADDED ENTRY--TOPICAL TERM
Topical term or geographic name as entry element Strength of materials
942 ## - ADDED ENTRY ELEMENTS (KOHA)
Koha item type General Book
Holdings
Location (home branch) Not for loan Koha item type Sublocation or collection (holding branch) Shelving location Koha normalized classification for sorting Piece designation (barcode) Source of classification or shelving scheme Damaged status Copy number Lost status Koha out on loan Koha issues (times borrowed) Koha full call number Date acquired Koha date last seen Koha date last borrowed Withdrawn status Price effective from
Central Library, BUET General BookCentral Library, BUETCirculation section669_940000000000000_DIE_19617380  1   669.94/DIE/19612015-05-162015-05-16  2015-05-16
Central Library, BUET General BookCentral Library, BUETCirculation section669_940000000000000_DIE_196120408  2   669.94/DIE/19612015-05-162015-05-16  2015-05-16
Central Library, BUET General BookCentral Library, BUETCirculation section669_940000000000000_DIE_196111400  3   669.94/DIE/19612015-05-162015-05-16  2015-05-16
Central Library, BUET General BookCentral Library, BUETCirculation section669_940000000000000_DIE_196131952  4   669.94/DIE/19612015-05-162015-05-16  2015-05-16
Central Library, BUET General BookCentral Library, BUETCirculation section669_940000000000000_DIE_196131933  5   669.94/DIE/19612015-05-192015-05-19  2015-05-19
Central Library, BUET General BookCentral Library, BUETCirculation section669_940000000000000_DIE_196154704  6  2669.94/DIE/19612015-05-202024-05-262024-03-04 2015-05-20
Central Library, BUET General BookCentral Library, BUETCirculation section669_940000000000000_DIE_196124464  7   669.94/DIE/19612015-05-212015-05-21  2015-05-21
Central Library, BUET General BookCentral Library, BUETCirculation section669_940000000000000_DIE_196120407  8  1669.94/DIE/19612015-05-212018-10-062018-08-08 2015-05-21
Central Library, BUET General BookCentral Library, BUETCirculation section669_940000000000000_DIE_196131936  9   669.94/DIE/19612015-05-232017-03-11  2015-05-23
Central Library, BUET General BookCentral Library, BUETCirculation section669_940000000000000_DIE_196131935  10 2025-05-141669.94/DIE/19612015-05-232025-04-302025-04-30 2015-05-23
Central Library, BUET General BookCentral Library, BUETReading section669_940000000000000_DIE_196124463  11   669.94/DIE/19612015-06-172015-06-17  2015-06-17
Central Library, BUET Reading ItemCentral Library, BUETReading section669_940000000000000_DIE_196136043  12   669.94/DIE/19612015-06-272015-06-27  2015-06-27